[Event "Chigorin Memorial 2018"]
[Site "St. Petersburg"]
[Date "2018.11.01"]
[Round "6.136"]
[White "Lapin, Artem"]
[Black "Dmitriev, Leonid"]
[Result "0-1"]
[WhiteElo "1496"]
[BlackElo "1818"]
[PlyCount "86"]
[EventDate "2018.10.27"]
[EventType "swiss"]
[EventCountry "RUS"]
[WhiteTeam "Russland"]
[BlackTeam "Russland"]
[WhiteTeamCountry "RUS"]
[BlackTeamCountry "RUS"]

1. e4 e5 2. Nf3 Nc6 3. Bb5 a6 4. Ba4 Nf6 5. d3 b5 6. Bb3 Be7 7. Be3 d5 8. exd5 Nxd5 9. a4 Nxe3 10. fxe3 Rb8 11. O-O O-O 12. e4 Bg4 13. axb5 axb5 14. c3 b4 15. Bd5 Bc5+ 16. Kh1 Ne7 17. d4 Nxd5 18. exd5 exd4 19. cxd4 Bxf3 20. Rxf3 Qxd5 21. Ra5 Qxd4 22. Rd3 Qc4 23. b3 Qe4 24. Rxc5 Rbe8 25. Kg1 Qe1+ 26. Qxe1 Rxe1+ 27. Kf2 Rxb1 28. Rxc7 g6 29. Rb7 Rb2+ 30. Kf3 Re8 31. Rxb4 Ree2 32. Rb8+ Kg7 33. g3 Rxh2 34. b4 h5 35. b5 h4 36. Ke4 Rh3 37. Rdd8 hxg3 38. Rg8+ Kf6 39. Rb6+ Kg5 40. Rc6 g2 41. Rc1 Rh1 42. Rc5+ f5+ 43. Rxf5+ Kh6 0-1

[Event "Chigorin Memorial 2018"]
[Site "St. Petersburg"]
[Date "2018.11.01"]
[Round "6.137"]
[White "Bodnaruk, Kseniya"]
[Black "Petrova, Anzhelika"]
[Result "1-0"]
[WhiteElo "1777"]
[BlackElo "1445"]
[PlyCount "51"]
[EventDate "2018.10.27"]
[EventType "swiss"]
[EventCountry "RUS"]
[WhiteTeam "Russland"]
[BlackTeam "Russland"]
[WhiteTeamCountry "RUS"]
[BlackTeamCountry "RUS"]

1. e4 c5 2. f4 e6 3. Nf3 d6 4. Nc3 Nc6 5. Bb5 a6 6. Bxc6+ bxc6 7. O-O Nf6 8. e5 Nd5 9. d3 Nxc3 10. bxc3 Be7 11. exd6 Bxd6 12. Ne5 Qc7 13. Qf3 Bb7 14. Rb1 O-O 15. Nc4 Be7 16. f5 exf5 17. Bf4 Qc8 18. Nb6 Qd8 19. Nxa8 Bxa8 20. Rb8 Qa5 21. Rxf8+ Kxf8 22. Rb1 g5 23. Be5 f6 24. Qxf5 Kg7 25. Qxg5+ Kf7 26. Rf1 1-0

[Event "Chigorin Memorial 2018"]
[Site "St. Petersburg"]
[Date "2018.11.01"]
[Round "6.138"]
[White "Loktionov, Kirill"]
[Black "Romanov, Ivan I."]
[Result "1-0"]
[WhiteElo "1776"]
[BlackElo "1385"]
[PlyCount "39"]
[EventDate "2018.10.27"]
[EventType "swiss"]
[EventCountry "RUS"]
[WhiteTeam "Russland"]
[BlackTeam "Russland"]
[WhiteTeamCountry "RUS"]
[BlackTeamCountry "RUS"]

1. d4 d5 2. c4 c6 3. Bf4 dxc4 4. e3 b5 5. a4 a6 6. axb5 cxb5 7. Qf3 Ra7 8. Bxb8 Rd7 9. Bg3 Bb7 10. Qd1 f6 11. Qc2 e6 12. Nf3 Qa8 13. Be2 g5 14. O-O h5 15. h4 g4 16. Ne1 Be4 17. Qc3 Bd6 18. Bxd6 Rxd6 19. b3 cxb3 20. Bxb5+ 1-0

[Event "Chigorin Memorial 2018"]
[Site "St. Petersburg"]
[Date "2018.11.01"]
[Round "6.139"]
[White "Mutina, Sofia"]
[Black "Semenova, Anastasia"]
[Result "1-0"]
[WhiteElo "1441"]
[BlackElo "1769"]
[PlyCount "93"]
[EventDate "2018.10.27"]
[EventType "swiss"]
[EventCountry "RUS"]
[WhiteTeam "Russland"]
[BlackTeam "Russland"]
[WhiteTeamCountry "RUS"]
[BlackTeamCountry "RUS"]

1. b3 d5 2. Bb2 c5 3. e3 Nc6 4. Bb5 Nf6 5. Nf3 Bd7 6. O-O g6 7. Bxc6 Bxc6 8. Ne5 Bg7 9. d3 O-O 10. Nd2 Nd7 11. Nxc6 bxc6 12. Bxg7 Kxg7 13. c4 e5 14. Qc2 f5 15. e4 fxe4 16. dxe4 d4 17. Qd3 Qe7 18. Nf3 Nf6 19. Rae1 Nh5 20. g3 Rf7 21. Kg2 Raf8 22. Nd2 Qg5 23. Qc2 d3 24. Qd1 Nf4+ 25. Kh1 Ne6 26. h4 Qe7 27. Kg2 Nd4 28. Re3 Nc2 29. Rxd3 Nb4 30. Re3 Rd8 31. a3 Na6 32. Qe2 Nc7 33. Nf3 Qd6 34. Qb2 Re8 35. Qc3 Rd7 36. Rfe1 Kf6 37. R1e2 Ne6 38. Nxe5 Qxe5 39. Rf3+ Nf4+ 40. Rxf4+ Kg7 41. Rf3 Qd4 42. Rd2 Rxe4 43. Rxd4 cxd4 44. Qd3 Rde7 45. Rf4 Rxf4 46. gxf4 c5 47. b4 1-0

[Event "Chigorin Memorial 2018"]
[Site "St. Petersburg"]
[Date "2018.11.01"]
[Round "6.140"]
[White "Serov, Aleksandr"]
[Black "Bobrov, Vladimir"]
[Result "1-0"]
[WhiteElo "1688"]
[BlackElo "1219"]
[PlyCount "51"]
[EventDate "2018.10.27"]
[EventType "swiss"]
[EventCountry "RUS"]
[WhiteTeam "Russland"]
[BlackTeam "Russland"]
[WhiteTeamCountry "RUS"]
[BlackTeamCountry "RUS"]

1. Nf3 Nf6 2. g3 Nc6 3. Bg2 g6 4. O-O Bg7 5. c4 O-O 6. d4 e6 7. Nc3 d5 8. cxd5 Nxd5 9. e4 Nxc3 10. bxc3 e5 11. d5 Ne7 12. Ba3 Re8 13. Qb3 Rb8 14. Rad1 b6 15. d6 cxd6 16. Bxd6 Be6 17. Qa3 Rb7 18. Bxe5 Qc8 19. Bxg7 Kxg7 20. Nd4 Bc4 21. Rfe1 Rc7 22. e5 Bd5 23. Nb5 Rc5 24. Nd6 Rxc3 25. Nxe8+ Kg8 26. Qxe7 1-0

[Event "Chigorin Memorial 2018"]
[Site "St. Petersburg"]
[Date "2018.11.01"]
[Round "6.141"]
[White "Naryshkina, Irina"]
[Black "Patel, Palak"]
[Result "0-1"]
[WhiteElo "1425"]
[BlackElo "1672"]
[PlyCount "84"]
[EventDate "2018.10.27"]
[EventType "swiss"]
[EventCountry "RUS"]
[WhiteTeam "Russland"]
[BlackTeam "Indien"]
[WhiteTeamCountry "RUS"]
[BlackTeamCountry "IND"]

1. d4 Nf6 2. c4 g6 3. e3 Bg7 4. Nc3 O-O 5. Nf3 d5 6. c5 b6 7. b4 a5 8. b5 bxc5 9. dxc5 Ne4 10. Nxe4 Bxa1 11. Ned2 c6 12. b6 Bg7 13. Be2 Nd7 14. Ba3 Bb7 15. O-O e5 16. e4 Qe7 17. Qc2 Nxb6 18. Qb3 Nc4 19. exd5 cxd5 20. Bxc4 dxc4 21. Nxc4 Bc6 22. Qb6 Bxf3 23. gxf3 Qg5+ 24. Kh1 Qf4 25. Qb3 Rfb8 26. Nb6 Bf8 27. Qd5 Rd8 28. Qc6 Rab8 29. Bc1 Qf5 30. Be3 Qd3 31. Rg1 Qc2 32. a4 Rd1 33. Qf6 Rxg1+ 34. Kxg1 Bxc5 35. Qxe5 Qb1+ 36. Kg2 Qxb6 37. Bxc5 Qd8 38. Bd4 f6 39. Qe6+ Kg7 40. Qe4 Rb4 41. Bxf6+ Qxf6 42. Qc6 Qxc6 0-1

[Event "Chigorin Memorial 2018"]
[Site "St. Petersburg"]
[Date "2018.11.01"]
[Round "6.144"]
[White "Timirev, Sergey"]
[Black "Badazhkov, Egor"]
[Result "1/2-1/2"]
[WhiteElo "1788"]
[BlackElo "1581"]
[PlyCount "86"]
[EventDate "2018.10.27"]
[EventType "swiss"]
[EventCountry "RUS"]
[WhiteTeam "Russland"]
[BlackTeam "Russland"]
[WhiteTeamCountry "RUS"]
[BlackTeamCountry "RUS"]

1. d4 d5 2. c4 e6 3. Nc3 Be7 4. cxd5 exd5 5. Nf3 Nf6 6. Bg5 c6 7. e3 Bf5 8. Bd3 Bxd3 9. Qxd3 O-O 10. O-O Nbd7 11. h3 Ne4 12. Bf4 Ndf6 13. Ne5 Rc8 14. f3 Nd6 15. b4 Qb6 16. Rab1 a5 17. b5 Qa7 18. b6 Qa8 19. Na4 Nh5 20. Bh2 g6 21. Nc5 Rfe8 22. g4 Ng7 23. e4 f6 24. Ned7 Nc4 25. Bc7 Kf7 26. exd5 cxd5 27. Rfe1 Bd6 28. Bxd6 Nxd6 29. f4 Ne6 30. f5 Ng5 31. Qb3 Nc4 32. h4 a4 33. Qd3 Ne4 34. Nxe4 dxe4 35. Rxe4 Nd6 36. Rxe8 Rxe8 37. Nc5 Qa5 38. Rf1 gxf5 39. gxf5 Qxb6 40. Qf3 Rg8+ 41. Kh2 Ke7 42. Re1+ Kd8 43. Re2 Qc6 1/2-1/2

[Event "Chigorin Memorial 2018"]
[Site "St. Petersburg"]
[Date "2018.11.01"]
[Round "6.145"]
[White "Khalilov, Emin"]
[Black "Chagina, Ulyana"]
[Result "1-0"]
[WhiteElo "1556"]
[BlackElo "1727"]
[PlyCount "73"]
[EventDate "2018.10.27"]
[EventType "swiss"]
[EventCountry "RUS"]
[WhiteTeam "Aserbeidschan"]
[BlackTeam "Russland"]
[WhiteTeamCountry "AZE"]
[BlackTeamCountry "RUS"]

1. e4 e6 2. d4 d5 3. Nd2 c5 4. exd5 exd5 5. Ngf3 Nf6 6. c3 Be7 7. Bd3 O-O 8. O-O Nc6 9. Re1 Qb6 10. Ne5 Nxe5 11. dxe5 Ng4 12. c4 Rd8 13. Qc2 h5 14. Nf3 dxc4 15. Bxc4 Be6 16. h3 Nh6 17. Bxh6 gxh6 18. Bxe6 Qxe6 19. Qe4 Rd7 20. Rad1 Rad8 21. Rxd7 Rxd7 22. Qf4 Kh7 23. g3 Kg7 24. Kg2 b5 25. g4 Qg6 26. e6 Rd5 27. Ne5 Qf6 28. Qxf6+ Kxf6 29. Nxf7 hxg4 30. hxg4 Kg7 31. Re2 a5 32. f4 a4 33. Kf3 Rd4 34. Rh2 b4 35. Nxh6 Rd3+ 36. Ke2 Rd8 37. Nf5+ 1-0

[Event "Chigorin Memorial 2018"]
[Site "St. Petersburg"]
[Date "2018.11.01"]
[Round "6.146"]
[White "Airapetyan, Anzhelika"]
[Black "Shceglov, Mikhail"]
[Result "0-1"]
[WhiteElo "1397"]
[BlackElo "1612"]
[PlyCount "120"]
[EventDate "2018.10.27"]
[EventType "swiss"]
[EventCountry "RUS"]
[WhiteTeam "Russland"]
[BlackTeam "Russland"]
[WhiteTeamCountry "RUS"]
[BlackTeamCountry "RUS"]

1. e4 c5 2. Nf3 d6 3. d4 cxd4 4. Nxd4 g6 5. Nc3 Bg7 6. Be3 Nf6 7. f3 a6 8. a4 O-O 9. Bc4 Nc6 10. Qd2 Qc7 11. O-O Nxd4 12. Qxd4 Ng4 13. Qb6 Qxc4 14. fxg4 Qc6 15. Qxc6 bxc6 16. h3 Rb8 17. Bc1 Bd4+ 18. Kh2 Be6 19. Nd1 Bc4 20. Re1 Rfe8 21. Rb1 Ba2 22. Ra1 Be6 23. Rb1 Be5+ 24. g3 Rb4 25. b3 Reb8 26. Bb2 Bxb2 27. Rxb2 c5 28. Nc3 c4 29. Nd5 Bxd5 30. exd5 Kf8 31. Re3 Rxa4 32. Rc3 cxb3 33. cxb3 Rd4 34. Rc6 a5 35. Rc7 Rxd5 36. Re2 Re8 37. Rf2 Rb8 38. Re2 Re8 39. Rf2 Rb5 40. Rf3 f6 41. h4 g5 42. Kh3 h6 43. hxg5 hxg5 44. Ra7 Reb8 45. Re3 Re5 46. Rc3 Kf7 47. Kg2 Reb5 48. Re3 R8b7 49. Ra8 Rxb3 50. Re1 Ra3 51. Rc1 Rbb3 52. Rcc8 Rxg3+ 53. Kh2 Rxg4 54. Rf8+ Ke6 55. Rab8 Rc4 56. Rb2 Rac3 57. Re2+ Kd7 58. Kg1 Rc1+ 59. Kf2 R1c2 60. Rxc2 Rxc2+ 0-1

[Event "Chigorin Memorial 2018"]
[Site "St. Petersburg"]
[Date "2018.11.01"]
[Round "6.148"]
[White "Burkin, Aleksandr"]
[Black "Mashkov, Viacheslav"]
[Result "0-1"]
[WhiteElo "1309"]
[BlackElo "1281"]
[PlyCount "122"]
[EventDate "2018.10.27"]
[EventType "swiss"]
[EventCountry "RUS"]
[WhiteTeam "Russland"]
[BlackTeam "Russland"]
[WhiteTeamCountry "RUS"]
[BlackTeamCountry "RUS"]

1. e4 c5 2. Nf3 Nc6 3. c3 e6 4. d4 cxd4 5. Nxd4 Nf6 6. Nxc6 bxc6 7. Bd3 d5 8. exd5 Nxd5 9. O-O Bd6 10. Qf3 O-O 11. a3 f5 12. c4 Ne7 13. Nc3 e5 14. Qd1 Qc7 15. h3 f4 16. Qb3 Kh8 17. Rd1 f3 18. g3 Bxh3 19. Bf1 Bxf1 20. Kxf1 Rad8 21. Ne4 Qd7 22. Rxd6 Qh3+ 23. Ke1 Rxd6 24. Nxd6 Qh1+ 25. Kd2 Qh6+ 26. Kc3 Qxd6 27. Be3 Rd8 28. Kc2 Qg6+ 29. Kc1 Qe4 30. Qc2 Rd3 31. a4 Nf5 32. Ra3 Rxe3 33. Rxe3 Qxc2+ 34. Kxc2 Nxe3+ 35. Kd3 Nd1 36. b4 Nb2+ 37. Ke4 Nxc4 38. Kxf3 Nb6 39. Ke4 Nxa4 40. Kxe5 c5 41. bxc5 Nxc5 42. Kd4 Nb7 43. Kc4 Kg8 44. Kb5 a5 45. Ka4 Kf7 46. Kb5 g5 47. Kc4 a4 48. Kb4 Nc5 49. Kxc5 a3 50. g4 a2 51. Kd5 a1=Q 52. Kc4 Qe5 53. Kb4 Qd5 54. Ka3 Qc4 55. Kb2 Qd3 56. Ka1 Qd2 57. Kb1 Ke6 58. Ka1 Kd5 59. Kb1 Kc4 60. Ka1 Kb3 61. Kb1 Qd1# 0-1

[Event "Chigorin Memorial 2018"]
[Site "St. Petersburg"]
[Date "2018.11.02"]
[Round "7"]
[White "Maghsoodloo, Parham"]
[Black "Schekachikhin, Maksim"]
[Result "1-0"]
[WhiteElo "2685"]
[BlackElo "2370"]
[Annotator "TA"]
[PlyCount "119"]
[EventDate "2018.10.27"]
[EventType "swiss"]
[EventCountry "RUS"]
[SourceTitle "playchess.com"]
[Source "ChessBase"]
[SourceQuality "1"]

1. Nf3 Nf6 2. g3 b6 3. d4 e6 4. c4 Ba6 5. Nbd2 Bb4 6. Qc2 Bb7 7. Bg2 Be4 8. Qd1 O-O 9. O-O Bxd2 10. Qxd2 a5 11. b3 d6 12. Bb2 Nbd7 13. Qc3 Qe7 14. Rfe1 Rfe8 15. Bh3 Bb7 16. Nd2 Ne4 17. Nxe4 Bxe4 18. d5 e5 19. f3 Bg6 20. e4 Nc5 21. Qc2 f6 22. a3 a4 23. b4 Nb3 24. Rad1 Rf8 25. f4 Bf7 26. Rd3 Rae8 27. Rf3 Kh8 28. Qf2 Bh5 29. Rfe3 Bf7 30. Bg4 Ra8 31. Bd1 Be8 32. Bxb3 axb3 33. Rxb3 Bd7 34. f5 g6 35. g4 g5 36. h4 Rg8 37. Kh2 h6 38. Rh3 Kg7 39. Rh1 Rh8 40. Kg3 Rh7 41. b5 Rah8 42. Bc3 Be8 43. Bd2 Qd8 44. Qf3 Qa8 45. Qb3 Qd8 46. a4 Qe7 47. Qa3 Bf7 48. a5 bxa5 49. Qxa5 h5 50. hxg5 fxg5 51. Qa7 Qf6 52. gxh5 Rxh5 53. Rxh5 Rxh5 54. Rxh5 Bxh5 55. Qxc7+ Bf7 56. Kg2 Kh6 57. b6 Kh5 58. b7 Kg4 59. b8=Q Qh6 60. Qb3 1-0

[Event "Chigorin Memorial 2018"]
[Site "St. Petersburg"]
[Date "2018.11.02"]
[Round "7"]
[White "Paravyan, David"]
[Black "Nigmatov, Ortik"]
[Result "1-0"]
[WhiteElo "2629"]
[BlackElo "2452"]
[Annotator "TA"]
[PlyCount "133"]
[EventDate "2018.10.27"]
[EventType "swiss"]
[EventCountry "RUS"]
[SourceTitle "playchess.com"]
[Source "ChessBase"]
[SourceQuality "1"]

1. d4 Nf6 2. c4 e6 3. g3 d5 4. Bg2 Bb4+ 5. Bd2 Bd6 6. Nc3 c6 7. e4 dxe4 8. Nxe4 Nxe4 9. Bxe4 Nd7 10. Nf3 Nf6 11. Bc2 c5 12. Qe2 cxd4 13. Nxd4 Qb6 14. Nb5 Be7 15. O-O-O O-O 16. g4 Bd7 17. g5 Nd5 18. Qd3 g6 19. Na3 Bc6 20. cxd5 Bxd5 21. Rhg1 Rac8 22. Bc3 Rfd8 23. Qd4 Qxd4 24. Bxd4 Bxa3 25. bxa3 Be4 26. Bc3 Rxd1+ 27. Kxd1 Rxc3 28. Bxe4 Rxa3 29. Bb1 Kg7 30. Rg3 Ra5 31. Ke2 b6 32. Kf1 h6 33. gxh6+ Kxh6 34. Rc3 Kg5 35. Kg2 Kf6 36. Rc7 Ra3 37. Rd7 Ra4 38. h3 Ra3 39. Rb7 g5 40. Rd7 b5 41. Bh7 Kg7 42. Bd3 a6 43. Be2 Kg6 44. Ra7 Ra4 45. Bd3+ f5 46. Bc2 Rxa2 47. Bb3 Re2 48. Rxa6 Kf6 49. Rb6 Re5 50. Bd1 Rc5 51. Be2 Rc2 52. Bf1 Ke5 53. Rxb5+ Kf4 54. Rb4+ Ke5 55. Rb6 Rc3 56. Be2 Rc1 57. Ra6 Kf6 58. Ra8 Kg7 59. Re8 Rc6 60. Bh5 Rb6 61. Re7+ Kf6 62. Rf7+ Ke5 63. Rg7 Kf4 64. Rg6 Rc6 65. Be2 Rb6 66. Bc4 Ke5 67. Rxg5 1-0

[Event "Chigorin Memorial 2018"]
[Site "St. Petersburg"]
[Date "2018.11.02"]
[Round "7"]
[White "Khismatullin, Denis"]
[Black "Vlasenko, Miroslav"]
[Result "1-0"]
[WhiteElo "2617"]
[BlackElo "2411"]
[Annotator "TA"]
[PlyCount "49"]
[EventDate "2018.10.27"]
[EventType "swiss"]
[EventCountry "RUS"]
[SourceTitle "playchess.com"]
[Source "ChessBase"]
[SourceQuality "1"]

1. d4 f5 2. Bg5 h6 3. Bh4 g5 4. e3 Nf6 5. Bg3 Bg7 6. Nc3 d6 7. Bc4 c6 8. h4 g4 9. h5 Qc7 10. Nge2 e5 11. dxe5 dxe5 12. Qd3 b5 13. Bb3 Na6 14. O-O-O Bd7 15. Qd6 b4 16. Bxe5 Qxd6 17. Rxd6 bxc3 18. Bxf6 cxb2+ 19. Kxb2 Bxf6+ 20. Rxf6 Nc5 21. Rd1 Ne4 22. Rf7 Rd8 23. Nf4 Nxf2 24. Rd2 Ne4 25. Ng6 1-0

[Event "Chigorin Memorial 2018"]
[Site "St. Petersburg"]
[Date "2018.11.02"]
[Round "7"]
[White "Goganov, Aleksey"]
[Black "Bocharov, Dmitry"]
[Result "1-0"]
[WhiteElo "2592"]
[BlackElo "2557"]
[Annotator "TA"]
[PlyCount "77"]
[EventDate "2018.10.27"]
[EventType "swiss"]
[EventCountry "RUS"]
[SourceTitle "playchess.com"]
[Source "ChessBase"]
[SourceQuality "1"]

1. e4 c5 2. Nf3 d6 3. d4 cxd4 4. Nxd4 Nf6 5. Nc3 Nc6 6. Bg5 e6 7. Qd2 a6 8. O-O-O Bd7 9. Kb1 Be7 10. f3 b5 11. Nxc6 Bxc6 12. h4 h6 13. Bxf6 gxf6 14. h5 Qb6 15. Ne2 O-O-O 16. Nd4 Bb7 17. c4 bxc4 18. Bxc4 Kb8 19. g4 Rc8 20. Bb3 Rc5 21. Ne2 a5 22. Nc3 Bc6 23. Qe3 Rc8 24. Rd3 Qa6 25. Na4 Bxa4 26. Bxa4 Ka8 27. Rhd1 Bf8 28. a3 Rc4 29. Bb3 R4c5 30. Rd4 Rb8 31. Ba4 f5 32. exf5 Bg7 33. fxe6 fxe6 34. Qxe6 Qb6 35. Rb4 axb4 36. Rxd6 Qc7 37. Bc6+ Ka7 38. Rd7 Rc8 39. axb4 1-0

[Event "Chigorin Memorial 2018"]
[Site "St. Petersburg"]
[Date "2018.11.02"]
[Round "7"]
[White "Idani, Pouya"]
[Black "Timofeev, Artyom"]
[Result "1/2-1/2"]
[WhiteElo "2588"]
[BlackElo "2580"]
[Annotator "TA"]
[PlyCount "71"]
[EventDate "2018.10.27"]
[EventType "swiss"]
[EventCountry "RUS"]
[SourceTitle "playchess.com"]
[Source "ChessBase"]
[SourceQuality "1"]

1. e4 e5 2. Nf3 Nf6 3. Nxe5 d6 4. Nf3 Nxe4 5. Qe2 Qe7 6. d3 Nf6 7. Bg5 Qxe2+ 8. Bxe2 Be7 9. Nc3 c6 10. O-O-O O-O 11. h3 Re8 12. Bd2 Na6 13. g4 Nc7 14. g5 Nfd5 15. Ne4 Ne6 16. Rdg1 Ndf4 17. Bd1 Ng6 18. h4 d5 19. Ng3 Bc5 20. h5 Ne7 21. Be3 Bd6 22. d4 b6 23. c3 c5 24. Bc2 cxd4 25. cxd4 Ba6 26. a3 Rac8 27. Kd2 Rc7 28. Bb1 Bb5 29. Ne2 Rec8 30. Nc3 Be8 31. Rc1 b5 32. Ba2 Bc6 33. Ne1 Nf5 34. Nf3 Ne7 35. Ne1 Nf5 36. Nf3 1/2-1/2

[Event "Chigorin Memorial 2018"]
[Site "St. Petersburg"]
[Date "2018.11.02"]
[Round "7"]
[White "Gareyev, Timur"]
[Black "Alekseev, Evgeny"]
[Result "0-1"]
[WhiteElo "2584"]
[BlackElo "2620"]
[Annotator "TA"]
[PlyCount "92"]
[EventDate "2018.10.27"]
[EventType "swiss"]
[EventCountry "RUS"]
[SourceTitle "playchess.com"]
[Source "ChessBase"]
[SourceQuality "1"]

1. e4 c5 2. b4 cxb4 3. Nf3 d6 4. d4 Nf6 5. Bd3 g6 6. a3 bxa3 7. O-O Bg7 8. c3 O-O 9. Bg5 Nc6 10. Nbd2 b6 11. Rxa3 Bb7 12. Re1 Qc7 13. Nf1 Na5 14. Ng3 Nc4 15. Ra2 b5 16. Qc1 a6 17. Bh6 e6 18. Bxg7 Kxg7 19. Rae2 Rfc8 20. e5 dxe5 21. dxe5 Ng8 22. Nd4 Qe7 23. Qf4 Nb6 24. Qg4 Nh6 25. Nh5+ Kh8 26. Qf4 Ng8 27. Nf6 Nxf6 28. exf6 Nd5 29. Qd2 Qxf6 30. Be4 Rc4 31. Nf3 Rd8 32. Qh6 Qg7 33. Qg5 f6 34. Qd2 e5 35. Re3 Qh6 36. Qd1 Rc7 37. Rd3 Rcd7 38. Qb3 Qf8 39. Red1 Qc5 40. Qc2 Bc6 41. h4 Ne3 42. Rxd7 Rxd7 43. Rxd7 Nxc2 44. Rc7 Nb4 45. Rc8+ Kg7 46. Rc7+ Kf8 0-1

[Event "Chigorin Memorial 2018"]
[Site "St. Petersburg"]
[Date "2018.11.02"]
[Round "7"]
[White "Sengupta, Deep"]
[Black "Predke, Alexandr"]
[Result "1/2-1/2"]
[WhiteElo "2557"]
[BlackElo "2615"]
[Annotator "TA"]
[PlyCount "68"]
[EventDate "2018.10.27"]
[EventType "swiss"]
[EventCountry "RUS"]
[SourceTitle "playchess.com"]
[Source "ChessBase"]
[SourceQuality "1"]

1. c4 b6 2. Nc3 Bb7 3. d4 e6 4. a3 Nf6 5. Qc2 d5 6. cxd5 Nxd5 7. Nf3 Nxc3 8. bxc3 c5 9. e3 Be7 10. Bb5+ Bc6 11. Bd3 Nd7 12. O-O b5 13. Qe2 a6 14. e4 O-O 15. Rd1 cxd4 16. cxd4 Re8 17. Bb2 Qb6 18. d5 exd5 19. exd5 Bb7 20. Qc2 g6 21. Bf1 Bf6 22. Bd4 Bxd4 23. Rxd4 Ne5 24. Rad1 Nxf3+ 25. gxf3 Rad8 26. a4 b4 27. Qb3 a5 28. d6 Qc5 29. d7 Re7 30. Bb5 Qg5+ 31. Kf1 Qh5 32. Kg2 Qg5+ 33. Kf1 Qh5 34. Kg2 Qg5+ 1/2-1/2

[Event "Chigorin Memorial 2018"]
[Site "St. Petersburg"]
[Date "2018.11.02"]
[Round "7"]
[White "Levin, Evgeny A."]
[Black "Perunovic, Milos"]
[Result "1/2-1/2"]
[WhiteElo "2523"]
[BlackElo "2606"]
[Annotator "TA"]
[PlyCount "103"]
[EventDate "2018.10.27"]
[EventType "swiss"]
[EventCountry "RUS"]
[SourceTitle "playchess.com"]
[Source "ChessBase"]
[SourceQuality "1"]

1. d4 Nf6 2. c4 c5 3. d5 b5 4. cxb5 a6 5. bxa6 g6 6. Nc3 Bxa6 7. e4 Bxf1 8. Kxf1 d6 9. Nf3 Bg7 10. g3 O-O 11. Kg2 Na6 12. Qe2 Qb6 13. Rb1 Nc7 14. b3 Qa6 15. Qc2 e6 16. dxe6 fxe6 17. h3 d5 18. Bf4 dxe4 19. Nxe4 Ncd5 20. Nxc5 Nxf4+ 21. gxf4 Qc6 22. Rbc1 Nh5 23. Nd3 Qe4 24. Rhd1 Rad8 25. Qc4 Rd4 26. Qc6 Qxc6 27. Rxc6 Rxd3 28. Rxd3 Nxf4+ 29. Kg3 Nxd3 30. Rxe6 Ra8 31. a4 Rb8 32. Re3 Nc5 33. a5 Nxb3 34. a6 Nd4 35. a7 Ra8 36. Ra3 Nc6 37. Ra6 Ne7 38. h4 h6 39. Kg4 Kf7 40. h5 g5 41. Nd2 Nc8 42. Rc6 Nxa7 43. Ra6 Kg8 44. Nf3 Kh7 45. Ra5 Bf8 46. Nd4 Bb4 47. Ra6 Bc5 48. Nf5 Bf8 49. Ra5 Kg8 50. Ra6 Kh7 51. Ra5 Kg8 52. Ra6 1/2-1/2

[Event "Chigorin Memorial 2018"]
[Site "St. Petersburg"]
[Date "2018.11.02"]
[Round "7"]
[White "Anisimov, Pavel"]
[Black "Volkov, Sergey"]
[Result "1/2-1/2"]
[WhiteElo "2521"]
[BlackElo "2568"]
[Annotator "TA"]
[PlyCount "103"]
[EventDate "2018.10.27"]
[EventType "swiss"]
[EventCountry "RUS"]
[SourceTitle "playchess.com"]
[Source "ChessBase"]
[SourceQuality "1"]

1. e4 e6 2. d4 d5 3. Nd2 Nf6 4. e5 Nfd7 5. Bd3 c5 6. c3 Nc6 7. Ne2 cxd4 8. cxd4 f6 9. exf6 Nxf6 10. O-O Bd6 11. Nf3 O-O 12. Bf4 Bxf4 13. Nxf4 Ng4 14. Qd2 Qf6 15. Nh5 Qh6 16. Qxh6 Nxh6 17. Rac1 g6 18. Ng3 a6 19. Rfe1 Nf7 20. Rc3 Bd7 21. Rb3 Nfd8 22. Ne2 Rc8 23. Rc1 Kf7 24. Rbc3 Ke7 25. h4 Nf7 26. Nf4 Kd6 27. g3 e5 28. dxe5+ Nfxe5 29. Be2 Nxf3+ 30. Bxf3 Nd4 31. Bxd5 Rxc3 32. bxc3 Rxf4 33. cxd4 Rxd4 34. Bxb7 a5 35. Rc3 a4 36. Kg2 Be6 37. a3 Rd2 38. Kf3 Bb3 39. Ke3 Ra2 40. Be4 Rxa3 41. Bc2 Ke7 42. Rd3 Kf6 43. f3 Ra1 44. Bxb3 axb3 45. Rxb3 h5 46. Rb4 Ra3+ 47. Kf4 Ra6 48. Ke4 Re6+ 49. Kf4 Ra6 50. g4 hxg4 51. fxg4 g5+ 52. hxg5+ 1/2-1/2

[Event "Chigorin Memorial 2018"]
[Site "St. Petersburg"]
[Date "2018.11.02"]
[Round "7"]
[White "Mikaelyan, Arman"]
[Black "Alekseenko, Kirill"]
[Result "0-1"]
[WhiteElo "2477"]
[BlackElo "2639"]
[Annotator "TA"]
[PlyCount "142"]
[EventDate "2018.10.27"]
[EventType "swiss"]
[EventCountry "RUS"]
[SourceTitle "playchess.com"]
[Source "ChessBase"]
[SourceQuality "1"]

1. Nf3 Nf6 2. c4 g6 3. g3 c6 4. b3 Bg7 5. Bb2 d5 6. Bg2 O-O 7. O-O a5 8. d3 Na6 9. Nbd2 b6 10. Ne5 Bb7 11. d4 e6 12. e4 Qe7 13. Qe2 Rfd8 14. Rac1 c5 15. exd5 exd5 16. Rfe1 cxd4 17. Bxd4 Nc5 18. cxd5 Bxd5 19. Bxc5 bxc5 20. Bxd5 Nxd5 21. Ndc4 Ra6 22. Rcd1 Re6 23. Qf3 Nf6 24. Rxd8+ Qxd8 25. Rd1 Qe8 26. Nd3 Ne4 27. Nf4 Re7 28. Nd5 Rd7 29. Re1 f5 30. Nc3 Bxc3 31. Qxc3 Qd8 32. Qc1 Rd3 33. Ne5 Rc3 34. Qd1 Qd4 35. Qxd4 cxd4 36. f3 Nc5 37. Rd1 d3 38. Kf2 Rc2+ 39. Ke3 Rxa2 40. Nxd3 Nxb3 41. h4 Kf7 42. Nf4 Nc5 43. Rd6 a4 44. Rc6 Nd7 45. Nd3 Ke7 46. Ra6 Ra3 47. Ra7 Kd6 48. Kd4 Rb3 49. g4 Kc6 50. gxf5 gxf5 51. h5 Rb5 52. h6 Rd5+ 53. Kc3 Kb6 54. Rxa4 Rxd3+ 55. Kxd3 Nc5+ 56. Ke3 Nxa4 57. Kf4 Kc6 58. Kxf5 Kd6 59. Kf6 Nc5 60. f4 Ne4+ 61. Kf7 Ng3 62. Kf6 Kd7 63. Kf7 Kd6 64. Kf6 Kd7 65. Kf7 Nh5 66. f5 Kd6 67. Kg8 Nf6+ 68. Kg7 Ke5 69. Kh8 Kxf5 70. Kg7 Ke6 71. Kf8 Ne4 0-1

[Event "Chigorin Memorial 2018"]
[Site "St. Petersburg"]
[Date "2018.11.02"]
[Round "7.13"]
[White "Popov, Ivan"]
[Black "Popov, Mikhail"]
[Result "1-0"]
[WhiteElo "2611"]
[BlackElo "2394"]
[Annotator "TA"]
[PlyCount "79"]
[EventDate "2018.10.27"]
[EventType "swiss"]
[EventCountry "RUS"]
[WhiteTeam "Russland"]
[BlackTeam "Russland"]
[WhiteTeamCountry "RUS"]
[BlackTeamCountry "RUS"]

1. e4 g6 2. d4 Bg7 3. Nc3 d6 4. Be3 a6 5. f4 b5 6. Nf3 Bb7 7. Bd3 Nf6 8. e5 Nd5 9. Nxd5 Bxd5 10. a4 Nd7 11. axb5 axb5 12. Bxb5 Rxa1 13. Qxa1 Bxf3 14. gxf3 O-O 15. O-O Nb6 16. Qe1 Nd5 17. Bc1 e6 18. Bc4 Nb6 19. Bb3 dxe5 20. dxe5 Qe7 21. Qe2 Rd8 22. Rd1 Bh6 23. Rxd8+ Qxd8 24. Kg2 Nc8 25. c4 Ne7 26. Bc2 Nc6 27. Be3 Qb8 28. Be4 Na5 29. Qc2 Nb3 30. Qc3 c5 31. h4 Nd4 32. b4 Qd8 33. Qd2 Qxh4 34. bxc5 Nb3 35. Qb4 Na1 36. c6 Bxf4 37. Bxf4 Qxf4 38. c7 Qg5+ 39. Kf1 Qc1+ 40. Ke2 1-0

[Event "Chigorin Memorial 2018"]
[Site "St. Petersburg"]
[Date "2018.11.02"]
[Round "7.14"]
[White "Ivanisevic, Ivan"]
[Black "Sattarov, Bobir"]
[Result "1-0"]
[WhiteElo "2583"]
[BlackElo "2339"]
[Annotator "TA"]
[PlyCount "75"]
[EventDate "2018.10.27"]
[EventType "swiss"]
[EventCountry "RUS"]
[WhiteTeam "Serbien"]
[BlackTeam "Usbekistan"]
[WhiteTeamCountry "SRB"]
[BlackTeamCountry "UZB"]

1. d4 Nf6 2. c4 e6 3. Nc3 c5 4. d5 d6 5. e4 g6 6. Nge2 exd5 7. cxd5 Bg7 8. Ng3 a6 9. a4 h5 10. Be2 O-O 11. Bg5 Nbd7 12. O-O Qb6 13. Qd2 Nh7 14. a5 Qc7 15. Bh4 Rb8 16. f4 Bd4+ 17. Kh1 b6 18. e5 bxa5 19. e6 fxe6 20. dxe6 Ndf6 21. Bc4 Kh8 22. Rae1 Bb7 23. Nce2 Bxb2 24. f5 g5 25. Bxg5 Nxg5 26. Nf4 Be5 27. Ng6+ Kh7 28. Rxe5 Nh3 29. e7 Rfe8 30. Re6 Ng4 31. Nxh5 d5 32. Nf6+ Nxf6 33. Rxf6 dxc4 34. Nf8+ Kg8 35. Rg6+ Kf7 36. f6 Rec8 37. Rg7+ Ke8 38. Ng6 1-0